[Event "Vaujany op 4th"]
[Site "Vaujany"]
[Date "2013.07.18"]
[Round "8"]
[White "Deleva, Mathias"]
[Black "Kormos, Adam"]
[Result "1/2-1/2"]
[WhiteElo "2098"]
[BlackElo "2211"]
[PlyCount "146"]
[EventDate "2013.07.11"]
[EventType "swiss"]
[EventRounds "9"]
[EventCountry "FRA"]
[SourceTitle "EXT 2014"]
[Source "ChessBase"]
[SourceDate "2013.11.20"]
[SourceVersion "1"]
[SourceVersionDate "2013.11.20"]
[SourceQuality "1"]

1. e4 e5 2. Nf3 Nc6 3. d4 exd4 4. Nxd4 Bb4+ 5. c3 Bc5 6. Be3 Bb6 7. Nxc6 bxc6 8. Bxb6 axb6 9. Bc4 Ne7 10. 0-0 d5 11. Bd3 Be6 12. a3 0-0 13. Nd2 d4 14. Qc2 c5 15. f4 dxc3 16. bxc3 Bd7 17. e5 Bf5 18. Ne4 Qc8 19. h3 Rd8 20. g4 Bxg4 21. hxg4 Qxg4+ 22. Kh2 Ng6 23. Rf2 Qh4+ 24. Kg1 Nxf4 25. Bf1 Qg4+ 26. Kh1 Qh5+ 27. Rh2 Qxe5 28. Re1 Ng6 29. Bc4 Rf8 30. Qg2 Rae8 31. Re3 Qf4 32. Qh3 h6 33. Rf2 Qh4 34. Bxf7+ Rxf7 35. Nf6+ Rxf6 36. Rxe8+ Kf7 37. Qxh4 Nxh4 38. Rfe2 Nf5 39. Kg1 Rd6 40. Rc8 Rd7 41. a4 Ne7 42. Ra8 Nc6 43. Kg2 Na5 44. Rc8 Kf6 45. Rf8+ Kg6 46. Rc8 Nc4 47. Kh2 h5 48. Rh8 Rd3 49. Rg2+ Kf6 50. Rh7 g6 51. Rxc7 Ne5 52. Rb7 Nf3+ 53. Kh3 Ng5+ 54. Kh2 Nf3+ 55. Kh3 g5 56. Rxb6+ Kf5 57. Rf2 Rxc3 58. Rb8 g4+ 59. Kg2 h4 60. a5 Rc1 61. Rxf3+ gxf3+ 62. Kxf3 Rc3+ 63. Kg2 Ke4 64. Rh8 Ra3 65. Rxh4+ Kd5 66. Kf2 Kc6 67. Ke2 Kb5 68. Kd2 Kxa5 69. Rc4 Kb5 70. Rc3 Ra2+ 71. Kc1 Kb4 72. Rg3 Ra3 73. Rxa3 Kxa3 1/2-1/2

[Event "Vaujany op 3rd"]
[Site "Vaujany"]
[Date "2012.07.14"]
[Round "3"]
[White "Coppola, Federico"]
[Black "Deleva, Mathias"]
[Result "0-1"]
[WhiteElo "1844"]
[BlackElo "2061"]
[PlyCount "48"]
[EventDate "2012.07.12"]
[EventType "swiss"]
[EventRounds "9"]
[EventCountry "FRA"]
[SourceTitle "CBM 149 Extra"]
[Source "ChessBase"]
[SourceDate "2012.08.24"]
[SourceVersion "1"]
[SourceVersionDate "2012.08.24"]
[SourceQuality "1"]

1. e4 e6 2. d4 d5 3. Nc3 Bb4 4. a3 Bxc3+ 5. bxc3 Ne7 6. Qg4 0-0 7. e5 c5 8. h4 Qc7 9. Bd3 cxd4 10. Nf3 Ng6 11. Bxg6 fxg6 12. Qxd4 Nc6 13. Qe3 b6 14. a4 Na5 15. Nd2 Nc4 16. Nxc4 Qxc4 17. Qd3 Qg4 18. Rh2 Bb7 19. Qd4 Qf5 20. Ba3 Rf7 21. Ra2 Rc8 22. f3 Rc4 23. Qd3 Rxa4 24. g4 Qxf3 0-1

[Event "FRA-ch opB"]
[Site "Val d'Isere"]
[Date "2004.08.??"]
[Round "4"]
[White "Giraud, Sylvain"]
[Black "Deleva, Mathias"]
[Result "1-0"]
[WhiteElo "1850"]
[BlackElo "1750"]
[PlyCount "75"]
[EventDate "2004.08.16"]
[EventType "swiss"]
[EventRounds "9"]
[EventCountry "FRA"]
[SourceTitle "EXT 2005"]
[Source "ChessBase"]
[SourceDate "2004.11.15"]
[SourceVersion "1"]
[SourceVersionDate "2004.11.15"]
[SourceQuality "1"]

1. e4 e6 2. d4 d5 3. exd5 exd5 4. Bd3 Nf6 5. Ne2 c5 6. c3 Nc6 7. 0-0 Be7 8. Re1 0-0 9. Nd2 a5 10. Nf1 b5 11. Be3 Qb6 12. Qd2 Re8 13. f3 Bd7 14. Kh1 b4 15. Rac1 a4 16. Bb1 Rab8 17. c4 cxd4 18. Nxd4 dxc4 19. Ne6 Qb7 20. Nxg7 Kxg7 21. Bh6+ Kh8 22. Rxe7 Rxe7 23. Qg5 Ne8 24. Bf8 f6 25. Qh5 Be6 26. Bxe7 Qxe7 27. Re1 Qf7 28. Qh4 Nc7 29. Ng3 Ne5 30. Nh5 Nd3 31. Nxf6 Rf8 32. Ne4 Qf4 33. Qe7 Bh3 34. Ng5 Bxg2+ 35. Kxg2 Qd2+ 36. Re2 Nf4+ 37. Kh1 Qc1+ 38. Re1 1-0